Central Library OPAC University of Rajshahi

Ecotourism & The Sundarbans : (Record no. 47135)

MARC details
000 -LEADER
fixed length control field 00738nam a22002297a 4500
001 - CONTROL NUMBER
control field 47135
003 - CONTROL NUMBER IDENTIFIER
rucl marc code BD-RjUL
005 - DATE AND TIME OF LATEST TRANSACTION
control field 20211209054250.0
008 - FIXED-LENGTH DATA ELEMENTS--GENERAL INFORMATION
fixed length control field 160807s2007 bg a|||| b||| 00| 0 eng d
020 ## - INTERNATIONAL STANDARD BOOK NUMBER
International Standard Book Number : 9848090355
Terms of availability : TK. 120.00
035 ## - SYSTEM CONTROL NUMBER
System control number (BD-RjUL)47254
040 ## - CATALOGING SOURCE
Original cataloging agency BD-RjUL
Language of cataloging eng
Transcribing agency BD-RjUL
Modifying agency BD-RjUL
041 ## - LANGUAGE CODE
Language code of text/sound track or separate title eng
082 ## - DEWEY DECIMAL CLASSIFICATION NUMBER
Edition number 23
Classification number 338.47
Author mark and year HAE 2007
100 ## - MAIN ENTRY--PERSONAL NAME
Personal name Hakim, Sheikh Serajul
9 (RLIN) 143530
245 ## - TITLE STATEMENT
Title Ecotourism & The Sundarbans :
Remainder of title Alternative Policies for Development /
Statement of responsibility, etc. Sheikh Serajul Hakim
260 ## - PUBLICATION, DISTRIBUTION, ETC. (IMPRINT)
Place of publication, distribution, etc. Bangladesh :
Name of publisher, distributor, etc. Unversity Grants Commission,
Date of publication, distribution, etc. 2007,
300 ## - PHYSICAL DESCRIPTION
Pagination [18], 101 p. :
Illustrations ill ;
Size 24 cm.
504 ## - BIBLIOGRAPHY, ETC. NOTE
Bibliography, etc Bibliography
650 ## - SUBJECT ADDED ENTRY--TOPICAL TERM
Topical term or geographic name as entry element production
Form subdivision Service and Specific Products
9 (RLIN) 143531
942 ## - ADDED ENTRY ELEMENTS (KOHA)
Source of classification or shelving scheme Dewey Decimal Classification
Koha item type Books
Holdings
Lost status Source of classification or shelving scheme Damaged status Not for loan Collection code Permanent Location Current Location Shelving location Date acquired Source of acquisition Cost, normal purchase price Total Checkouts Full call number Date last seen Copy number Koha item type
  Dewey Decimal Classification     Non-fiction Central Library, University of Rajshahi Central Library, University of Rajshahi   06/01/2008 U.G.C. of Bangladesh, Dhaka 120.00   338.47 HAE 2007 07/08/2016 C-2 Books
  Dewey Decimal Classification     Non-fiction Central Library, University of Rajshahi Central Library, University of Rajshahi   06/01/2008 U.G.C. of Bangladesh, Dhaka 120.00   338.47 HAE 2007 07/08/2016 C-3 Books